000 00449nam a2200193Ia 4500
003 GCL
008 140319s9999 xx 000 0 eng d
040 _aGCL /
_cGCL
082 0 4 _a143
_bL B
100 1 _aLACEY, A. R.
245 1 0 _aBERGSON /
_cLACEY, A. R.
260 _a[S.N] :
_bROUTLEDGE ،
_c1993
300 _a241 P
650 0 4 _aCRITICISM
650 0 4 _aSPACE AND TIME
650 0 4 _aPHILOSOPHERS
650 0 4 _aBERGSON
942 _2ddc
_cBK
999 _c21184
_d21184